00744 2200253 4500001002100000005001700021008004100038020001800079035002500097040001200122082002100134084002100155090002100176100001900197245008200216250001100298260003400309300003400343504003100377650003100408700001700439850001200456990002200468INLIS00000000000360720150409103805.0  a979-8418-87-5 a0010-041500000000673 aYOPDYOG aDEP 470.72 Mam M aDEP 470.72 Mam M aDEP 470.72 Mam M aMAMAN SURYAMAN aMetodologi pembelajaran bahasa/cMaman Suryaman ; editor bahasa, Anwar Efendi aCet.1. aYogyakarta:bUNY Press,c2012 avii, 248 hlm.:bilus.;c23 cm aBibliografi : hlm. 234-238 aBahasa-Metode pembelajaran aAnwar Efendi aYOPDYOG aCB-D.11 2012-2358